| 000 | 00789cam a2200193 4500 | ||
|---|---|---|---|
| 001 | ABS67375 | ||
| 008 | 031209n2003 000 0 eng u | ||
| 035 | _a(Sirsi) u124581 | ||
| 245 | _aLand certificates - could this be yours? | ||
| 260 | _c2003 | ||
| 490 |
_aJournal of the Law Society of Scotland _v48(11) November 2003, 61(1) |
||
| 520 | _aLooks at the reported error rates in Scottish land and charge certificates produced by the Registers of Scotland and at the correction process in historic and current cases. Details further quality control measures being instituted by the Agency to reduce errors. | ||
| 590 | _aABS | ||
| 650 | _aSCOTLAND | ||
| 650 | _aREGISTERS OF SCOTLAND | ||
| 650 | _aLAND CERTIFICATES | ||
| 690 | _aPROPERTY AND LAND LAW-CONVEYANCING | ||
| 942 | _n0 | ||
| 999 |
_c73931 _d73931 |
||